| 000 | 00973nam a2200313 i 4500 | ||
|---|---|---|---|
| 001 | 000017157 | ||
| 003 | DO-SdBPM | ||
| 005 | 20250509134616.0 | ||
| 007 | ta | ||
| 008 | 100319t20003 dr r 000 0 spa d | ||
| 020 | _a9806720008 | ||
| 040 |
_aDO-SdBPM _bspa _cBPMSU _erda |
||
| 082 | 4 |
_a352.34 _bR621p 2003 _222 |
|
| 100 | 1 |
_aRivero, Jesús _eautor _d |
|
| 245 | 1 | 0 |
_aPlanificación administrativa y compromiso social / _c Jesús Rivero |
| 264 |
_aVenezuela : _b Grupo Editorial Decisión Local, _c 2003 |
||
| 300 |
_a204 páginas ; _c23 cm. |
||
| 336 |
_2rdacontent _atexto _btxt |
||
| 337 |
_2rdamedia _asin mediación _bn |
||
| 338 |
_2rdacarrier _avolumen _bnc |
||
| 500 | _a | ||
| 590 | _aInventariado, 2025/ VM | ||
| 650 | 4 | _aAdministración pública | |
| 650 | 4 | _aPrestación de servicios públicos | |
| 650 | z | _aServicios públicos, Prestación de | |
| 650 | 4 | _aGestión pública | |
| 910 | _aVMateo V. Control de calidad. BPMSU | ||
| 942 |
_2ddc _cBK |
||
| 999 |
_c15047 _d15047 |
||